| 000 | 00466nam a2200181Ia 4500 | ||
|---|---|---|---|
| 008 | 240925s9999 xx 000 0 und d | ||
| 020 | _a9781429278447 | ||
| 082 | _a382 FEE | ||
| 100 | _aFeenstra, Robert C.; Taylor, Alan | ||
| 245 | 0 | _aInternational Trade | |
| 250 | _a3rd | ||
| 260 |
_aCalifornia: _bMacmillan _c,2014. |
||
| 300 |
_a301p. _bNA _fOriginal |
||
| 500 | _aIncludes Index | ||
| 600 | _aSocial Sciences | ||
| 650 | _aSocial Sciences | ||
| 942 | _cBK | ||
| 999 |
_c14931 _d14931 |
||